|
|
|
|
| LEADER |
00668nam a2200217Ia 4500 |
| 001 |
CTU_129364 |
| 008 |
210402s9999 xx 000 0 und d |
| 020 |
|
|
|c 143000
|
| 082 |
|
|
|a 425
|
| 082 |
|
|
|b C672
|
| 100 |
|
|
|a Coe, Norman
|
| 245 |
|
0 |
|a Oxford practice grammar with answers :
|
| 245 |
|
0 |
|b Basic
|
| 245 |
|
0 |
|c Norman Coe , Mark Harrison and Ken Paterson
|
| 260 |
|
|
|a Oxford
|
| 260 |
|
|
|b Oxford University Press
|
| 260 |
|
|
|c 2006
|
| 650 |
|
|
|a English language,English language,Anh ngữ thực hành
|
| 650 |
|
|
|x Textbooks for foreign speakers,Grammar,Ngữ pháp
|
| 904 |
|
|
|i Giang
|
| 980 |
|
|
|a Trung tâm Học liệu Trường Đại học Cần Thơ
|